La evaluación significativa

Sparad:
Bibliografiska uppgifter
Huvudupphovsmän: Anijovich, Rebeca (Författare, medförfattare), R. W. de Camilloni, Alicia (Författare, medförfattare), Cappelletti, Graciela (Författare, medförfattare), Hoffmann, Jussara (Författare, medförfattare), Katzkowicz, Raquel (Författare, medförfattare), Mottier López, Lucie (Författare, medförfattare)
Materialtyp: Bok
Språk:spanska
Publicerad: Buenos Aires Paidós SAICF 2010
Upplaga:1a. ed
Serie:Voces de la Educación
Ämnen:
Taggar: Lägg till en tagg
Inga taggar, Lägg till första taggen!

MARC

LEADER 00000cam a2200000 a 4500
001 UCG4026
003 CL-VaPUC
008 101004e20100000AG |||||||||||||||||spa|d
020 |a 9789501215298 
082 0 4 |a 371.227  |b ANI  |2 21 
100 0 |a Anijovich, Rebeca  |e author  |9 553317 
700 0 |a R. W. de Camilloni, Alicia  |e author  |9 553318 
700 0 |a Cappelletti, Graciela  |e author  |9 553319 
700 0 |a Hoffmann, Jussara  |e author  |9 553320 
700 0 |a Katzkowicz, Raquel  |e author  |9 553321 
700 0 |a Mottier López, Lucie  |e author  |9 553322 
245 1 3 |a La evaluación significativa 
250 |a 1a. ed 
300 |a 206 p 
942 |c BK 
945 |d 20101004 00:00:00  |a mfarfan 
260 |a Buenos Aires  |b Paidós SAICF  |c 2010 
650 0 |a Aprendizaje   |9 254827 
650 0 |a Evaluación de la enseñanza  |9 553323 
583 |a last modification  |c 20151228 10:42:29  |k Rodrigo Vera 
490 0 |a Voces de la Educación 
999 |c 342928  |d 342926 
952 |0 0  |1 0  |4 0  |6 371_227000000000000_ANI_2010  |7 0  |8 A  |9 439631  |a BIBEDU  |b BIBEDU  |d 2019-11-22  |i 4723678  |o 371.227 ANI 2010  |p 4723678  |r 2019-11-22  |w 2019-11-22  |y BK  |k EPE 
952 |0 0  |1 0  |3 erb  |4 0  |6 371_227000000000000_ANI_2010  |7 0  |8 A  |9 439632  |a BIBEDU  |b BIBEDU  |i 5258820  |o 371.227 ANI 2010  |p 5258820  |r 2019-11-22  |w 2019-11-22  |y BK  |z Catalogado en:20151231  |k EPE 
952 |0 0  |1 0  |3 erb  |4 0  |6 371_227000000000000_ANI_2010  |7 0  |8 A  |9 439633  |a BIBEDU  |b BIBEDU  |i 5258812  |o 371.227 ANI 2010  |p 5258812  |r 2019-11-22  |w 2019-11-22  |y BK  |z Catalogado en:20151231  |k EPE 
952 |0 0  |1 0  |3 erb  |4 0  |6 371_227000000000000_ANI_2010  |7 0  |8 A  |9 439634  |a BIBEDU  |b BIBEDU  |i 5258804  |o 371.227 ANI 2010  |p 5258804  |r 2019-11-22  |w 2019-11-22  |y BK  |z Catalogado en:20151231  |k EPE